000 00610nam a22002177a 4500
003 UA-OsUOA
001 59001
007 ta
008 20090304b un ||||| |||| 00| 0 ukr d
090 _a801.6
_bН12
942 _cBK
040 _aUA-OsUOA
_bukr
_cUA-OsUOA
_dUA-OsUOA
245 _aНа стику культур: польський та український вірш
300 _a215 с.
955 _a2
041 _aukr
080 _a801.6
260 _aК.
_c2007
650 7 _a801 Просодія. Допоміжні науки та джерела філології
_2UDC
999 _c345078
_d345078